|
|
|
|
| LEADER |
00000nam0a2200000 4500 |
| 001 |
341733 |
| 005 |
20231102005358.0 |
| 010 |
|
|
|a 9785160130651
|
| 035 |
|
|
|a (RuTPU)RU\TPU\book\369963
|
| 090 |
|
|
|a 341733
|
| 100 |
|
|
|a 20181019d2018 m y0rusy50 ca
|
| 101 |
0 |
|
|a rus
|
| 102 |
|
|
|a RU
|
| 105 |
|
|
|a a j 001zy
|
| 200 |
1 |
|
|a Нормирование геометрических характеристик изделий: современный подход
|e учебное пособие для вузов
|f И. Е. Парфеньева, С. А. Зайцев, О. Ф. Вячеславова
|
| 210 |
|
|
|a Москва
|c Инфра-М
|d 2018
|
| 215 |
|
|
|a 270 с.
|c ил.
|
| 225 |
1 |
|
|a Высшее образование - Бакалавриат
|
| 320 |
|
|
|a Библиогр.: с. 267
|
| 330 |
|
|
|a В учебном пособии рассматриваются вопросы, связанные с модификацией национальных стандартов в области основных норм взаимозаменяемости. Анализируется современный подход к нормированию геометрических характеристик изделий: размерных допусков на линейные размеры и геометрических допусков. Излагается подход к оценке и описанию микрогеометрии поверхности, регламентирующий новые показатели микрогеометрии профиля поверхности, гармонизированные с документами зарубежных государств. Соответствует требованиям Федерального государственного образовательного стандарта высшего образования последнего поколения. Учебное пособие предназначено для студентов, обучающихся по на-праатениям подготовки 27.03.01 "Стандартизация и метрология" при изучении дисциплины "Взаимозаменяемость и нормирование точности"; 27.03.02 "Управление качеством" при изучении дисциплины "Взаимозаменяемость", а также для студентов других технических направлений подготовки.
|
| 606 |
1 |
|
|a Допуски и посадки
|x Стандартизация
|2 stltpush
|3 (RuTPU)RU\TPU\subj\10009
|9 37150
|
| 610 |
1 |
|
|a взаимозаменяемость
|
| 610 |
1 |
|
|a нормы
|
| 610 |
1 |
|
|a национальные стандарты
|
| 610 |
1 |
|
|a модификация
|
| 610 |
1 |
|
|a размеры
|
| 610 |
1 |
|
|a контроль
|
| 610 |
1 |
|
|a предельные калибры
|
| 610 |
1 |
|
|a типовые соединения
|
| 610 |
1 |
|
|a точность
|
| 610 |
1 |
|
|a нормирование
|
| 610 |
1 |
|
|a размерные цепи
|
| 610 |
1 |
|
|a изделия
|
| 610 |
1 |
|
|a геометрические характеристики
|
| 610 |
1 |
|
|a линейные размеры
|
| 610 |
1 |
|
|a поверхность
|
| 610 |
1 |
|
|a шероховатость
|
| 610 |
1 |
|
|a волнистость
|
| 610 |
1 |
|
|a подшипниковые узлы
|
| 610 |
1 |
|
|a шпоночные соединения
|
| 610 |
1 |
|
|a шлицевые соединения
|
| 610 |
1 |
|
|a резьбовые соединения
|
| 610 |
1 |
|
|a зубчатые передачи
|
| 610 |
1 |
|
|a учебные пособия
|
| 675 |
|
|
|a 621.753.1/.2(075.8)
|v 3
|
| 700 |
|
1 |
|a Парфеньева
|b И. Е.
|g Ирина Евгеньевна
|
| 701 |
|
1 |
|a Зайцев
|b С. А.
|g Сергей Алексеевич
|
| 701 |
|
1 |
|a Вячеславова
|b О. Ф.
|g Ольга Федоровна
|
| 801 |
|
1 |
|a RU
|b 63413507
|c 20181019
|
| 801 |
|
2 |
|a RU
|b 63413507
|c 20181115
|g RCR
|
| 942 |
|
|
|c BK
|